World encyclopedia of political systems. vol1 Afghanistan - Mozambique /

Tallennettuna:
Bibliografiset tiedot
Päätekijä: Delury, George
Muut tekijät: edit
Aineistotyyppi: Teksti
Julkaistu: Nueva York: Longman
Tagit: Lisää tagi
Ei tageja, Lisää ensimmäinen tagi!

MARC

LEADER 00000 a a2200000 04500
001 23342
003
040
020 |a 0-582-90254-1   |a 0582-90258-4  
090 |a 161300  
100 |a Delury, George  
245 |a World encyclopedia of political systems. vol1 Afghanistan - Mozambique /  |c George Delury 
260 |a Nueva York:   |b Longman  
300 |a 707 p.; vol. I  
700 |a edit.  
999 |c 16568  |d 16568